| 000 | 00829nam a2200265Ia 4500 | ||
|---|---|---|---|
| 003 | OSt | ||
| 005 | 20221005052628.0 | ||
| 006 | a|||||r|||| 00| 0 | ||
| 007 | ta | ||
| 008 | 221004b |||||||| |||| 00| 0 eng d | ||
| 020 |
_a1853836575 (pbk) _c1387.59 |
||
| 024 | _a97484 | ||
| 037 |
_b1022, 25/02/2009, Pioneer Books Distributors _cTextual |
||
| 040 |
_aCRL _cCRL _beng |
||
| 041 |
_2eng _aeng |
||
| 082 | _aJ3, N99 | ||
| 100 |
_aLappe Marc _9596917 |
||
| 245 | 0 |
_aAgainst the grain _b The genetic transformation of global agriculture |
|
| 260 |
_aLondon _bEarthscan UK _c1999 |
||
| 300 |
_ax,163p. _ccm. |
||
| 650 | _aAGRICULTURE | ||
| 700 |
_a Bailey Britt _9596918 |
||
| 942 |
_hJ3, N99 _cTEXL _2cc |
||
| 999 |
_c960716 _d960716 |
||